| Tag |
First Indicator |
Second Indicator |
Subfields |
| LEADER |
00000cam a2200000 i 4500 |
| 001 |
in00004075021 |
| 005 |
20191021074953.0 |
| 008 |
180515s2018 nyu 000 0ceng |
| 010 |
|
|
|a 2018019637
|
| 020 |
|
|
|a 9781599103723
|q (hardcover :
|q alk. paper)
|
| 020 |
|
|
|a 1599103729
|
| 020 |
|
|
|a 9781599103730
|q (pbk. :
|q alk. paper)
|
| 020 |
|
|
|a 1599103737
|
| 020 |
|
|
|z 9781599103747
|q (digital)
|
| 035 |
|
|
|a (OCoLC)on1038025938
|
| 040 |
|
|
|a DLC
|e rda
|c DLC
|d UtOrBLW
|
| 041 |
1 |
|
|a eng
|h lat
|
| 049 |
|
|
|a TXAM
|
| 050 |
0 |
0 |
|a PQ4274.D2
|b E5 2018
|
| 082 |
0 |
0 |
|a 871/.03
|2 23
|
| 100 |
1 |
|
|a Boccaccio, Giovanni,
|d 1313-1375,
|e author.
|0 http://id.loc.gov/authorities/names/n2003076158
|
| 240 |
1 |
0 |
|a De casibus virorum illustrium.
|l English
|
| 245 |
1 |
4 |
|a The fates of illustrious men /
|c Giovanni Boccaccio ; translated and abridged by Louis Brewer Hall.
|
| 250 |
|
|
|a Second edition, with new preface, bibliography and notes.
|
| 264 |
|
1 |
|a New York :
|b Italica Press,
|c 2018.
|
| 300 |
|
|
|a xxiv, 252 pages :
|b illustrations ;
|c 23 cm.
|
| 336 |
|
|
|a text
|b txt
|2 rdacontent
|
| 337 |
|
|
|a unmediated
|b n
|2 rdamedia
|
| 338 |
|
|
|a volume
|b nc
|2 rdacarrier
|
| 490 |
1 |
|
|a Italica Press medieval & renaissance texts series
|
| 500 |
|
|
|a "Originally published 1965 by Frederick Ungar Publishing Co., Inc."--Title page verso.
|
| 500 |
|
|
|a "The following edition is based on the long out-of-print 1965 translation by Lewis B. Hall. We have reprinted Hall's selective edition, including his few contextual notes. To these we have added numerous historical, biographical, interpretive and bibliographical notes based on the research findings of the past generation of Boccaccio scholarship"--Preface to the second edition.
|
| 500 |
|
|
|a "For this translation of The Fates of Illustrious Men the Paris edition of Jean Gourmont and Jean Petit (1520) has been utilized, because it is a good representation of Boccaccio's first edition and because it is now generally available in a facsimile edition. In a few places the Gourmont-Petit edition has been corrected on the basis of its apparent source, Manuscript Latin 069M of the Bibliotheque Nationale, Paris"--Louis Brewer Hall, Introduction, revised 2018.
|
| 520 |
|
|
|a A new edition, with new preface, bibliography and notes of Boccaccio's encyclopedia of historical biography dealing with the fortunes and calamities of famous people, both mythical and actual, from Adam to Francesco Petrarch.
|
| 700 |
1 |
|
|a Hall, Louis Brewer,
|e translator,
|e writer of introduction.
|0 http://id.loc.gov/authorities/names/n82130512
|
| 830 |
|
0 |
|a Italica Press medieval & renaissance texts series.
|
| 945 |
|
|
|b 67550
|
| 947 |
|
|
|a A14850857229
|
| 948 |
|
|
|a cataloged
|b h
|c 2019/6/20
|d c
|e dmitchel
|f 11:20:10 am
|
| 994 |
|
|
|a 92
|b TXA
|
| 999 |
f |
f |
|s 4c9e20b3-4fc8-364b-8c08-453dd654e5ce
|i fd974a08-ac75-36a1-a8d2-1a7e13145c24
|t 0
|
| 952 |
f |
f |
|p normal
|a Texas A&M University
|b College Station
|c Sterling C. Evans Library
|d Evans: Library Stacks
|t 0
|e PQ4274.D2 E5 2018
|h Library of Congress classification
|i unmediated -- volume
|m A14850857229
|
| 998 |
f |
f |
|a PQ4274.D2 E5 2018
|t 0
|l Evans: Library Stacks
|